000 00624nam a2200181Ia 4500
003 GCL
008 140319s9999 xx 000 0 ara d
040 _aGCL /
_cGCL
082 0 4 _aد
_b050
100 1 _aمكارم الغمرى
245 1 0 _aمؤثرات عربية واسلامية فى الادب الروسى ( عالم المعرفة 155 ) /
_cمكارم الغمرى
300 _a342 ص
490 _aعالم المعرفة
_v0
650 0 4 _aالادب الروسى
650 0 4 _aالادب الروسى - تاريخ ونقد
650 0 4 _aالادب المقارن الروسى والعربى
942 _2ddc
_cBK
999 _c50308
_d50308